000 00801nam a22002177a 4500
999 _c17502
_d17502
003 AR-CdUCM
008 190508b ||||| |||| 00| 0 spa d
040 _aMUNICIPALIDAD PROVINCIAL DEL CUSCO
_cBIBLIOTECA MUNICIPAL DEL CUSCO
041 _heng
082 _a320.947 /
_bW58
100 _aWilliams, Chester S.
_937546
245 _aCrímenes soviéticos :
_bconfesiones de Khrushchev /
260 _aBuenos Aires :
_bÁgora,
_c1956.
300 _a91 páginas ;
_c18 cm.
505 _aContenido: Lo que la historia demuestra -- Un catalogo cronológico de crímenes -- Bajo Lenin (1917-1924) -- Bajo la dirección colectiva (1924-1928)...
650 _aRusia
_9499
650 _aPolítica
_9291
700 _aCalichio, M. H, (traductor)
_937547
942 _2ddc
_cLIBROS
945 _aacv
_d2019-05-08